Statistics for The Maze Runner Series

Click here to take the quiz!

General Stats

  • This quiz has been taken 556 times
  • The average score is 6 of 9

Answer Stats

HintAnswer% Correct
The Main CharacterThomas
100%
The Leader of the RunnersMinho
94%
The CookFrypan
91%
The Third BookThe Death Cure
87%
A non-immune kidNewt
86%
AuthorJames Dashner
55%
Last word in the code to exit the mazePush
30%
WICKED stands for:World In Catastrophe, Killzone Experiment Department
25%
The nickname for immune peopleMunes
14%

Score Distribution

Percentile by Number Answered

Percent of People with Each Score

Your Score History

You have not taken this quiz